| 000 | 00875nam a2200265Ia 4500 | ||
|---|---|---|---|
| 003 | OSt | ||
| 005 | 20220926034842.0 | ||
| 006 | a|||||r|||| 00| 0 | ||
| 007 | ta | ||
| 008 | 220923b |||||||| |||| 00| 0 eng d | ||
| 020 |
_a978140519499090000 _c9221.8899999999994 |
||
| 037 |
_bRKBA/09-10/4729, 18/09/2012, RAJKIRAN BOOK AGENCY _cGeneral Book |
||
| 040 |
_aRTL _cRTL _beng |
||
| 041 |
_2eng _aeng |
||
| 082 | _aY:351, Q2 | ||
| 100 |
_aBENDIX Regina _9341324 |
||
| 245 | 0 | _aCompanion to folklore | |
| 260 |
_aWiley _bWiley Blackwell Press _c2012 |
||
| 300 |
_axv,660p. _ccm. |
||
| 490 | _aThe Blackwell companions to Anthropology | ||
| 650 | _aSociology | ||
| 700 |
_a HASAN-ROKEM Galit _9341325 |
||
| 942 |
_hY:351, Q2 _cGB _2CC |
||
| 999 |
_c660580 _d660580 |
||